Bestehen Sie die 5. Klasse? - Statistiken

Allgemein
  • Dieses Quiz wurde 329 mal gespielt
  • Das Durchschnittsergebnis liegt bei 6 aus 8
Antwortstatistiken
Fach Frage Antwort % Korrekt
Mathe Runde 476 auf die Hunderter-Stelle. 500
98%
Chemie Was ist H2O? Wasser
95%
Geschichte In welchem Jahr begann der erste Weltkrieg? 1914
91%
Biologie Was betreiben Planzen passiv? Photosynthese
87%
Deutsch Nenne die Genitiv Frage. Wessen?
83%
Englisch Nenne die normale Vergangenheitsform (auf Englisch). simple past
71%
Erdkunde Nenne die Klimazone in der sich Deutschland befindet. gemäßigte Zone
56%
Physik Das Gegenteil einer Reihenschaltung ist die ……..schaltung. Parallel
52%
Keine übereinstimmenden Quizze gefunden
Verteilung der Resultate
Anzahl Personen mit jedem Resultat
Perzentil nach korrekt beantworteten Fragen
Ihre Resultats-Entwicklung
Sie haben dieses Quiz noch nicht gespielt